Ley electoral para diputados á Cortes en la Península de 26 de junio de 1890 (Record no. 153762)

MARC details
000 -LEADER
campo de control de longitud fija 00841nam a22002055i 4500
001 - NÚMERO DE CONTROL
campo de control 153762
003 - IDENTIFICADOR DE NÚMERO DE CONTROL
campo de control ES-MaACL
005 - FECHA Y HORA DE LA ÚLTIMA TRANSACCIÓN
campo de control 20250827062631.0
008 - DATOS DE LONGITUD FIJA--INFORMACIÓN GENERAL
campo de control de longitud fija 981008s1891 sp |||| | spa d
040 ## - FUENTE DE CATALOGACIÓN
Centro catalogador/agencia de origen CCPB | B
Lengua de catalogación spa
Centro/agencia transcriptor CCPB | B
110 1# - ENTRADA PRINCIPAL--NOMBRE DE ENTIDAD CORPORATIVA
Nombre de entidad corporativa o nombre de jurisdicción como elemento de entrada España
9 (RLIN) 3622
240 10 - TÍTULO UNIFORME
Título uniforme Ley electoral, 1890
245 10 - MENCIÓN DEL TÍTULO
Título Ley electoral para diputados á Cortes en la Península de 26 de junio de 1890
Resto del título : con las disposiciones dictadas para su ejecución hasta 10 de febrero de 1891, precedida de un índice de sus títulos y capítulos y seguida de un repertorio alfabético.
260 ## - PUBLICACIÓN, DISTRIBUCIÓN, ETC.
Lugar de publicación, distribución, etc. Madrid :
Nombre del editor, distribuidor, etc. [s.n.],
Fecha de publicación, distribución, etc. 1891 (
Fabricante Imprenta de los Hijos de J. A. García)
300 ## - DESCRIPCIÓN FÍSICA
Extensión 316 p. ;
Dimensiones 19 cm.
651 ## - PUNTO DE ACCESO ADICIONAL DE MATERIA--NOMBRE GEOGRÁFICO
Nombre geográfico España-
Subdivisión general Legislación.
9 (RLIN) 222108
752 ## - ENTRADA AGREGADA--NOMBRE JERÁRQUICO DEL LUGAR
País o entidad superior España -
Ciudad Madrid
852 ## - LOCALIZACIÓN
Ubicación ES-MaACL
Número de control de estantería F-12832
Nota libre -- Enc. pasta
Holdings
Estatus retirado Estado de pérdida Estado de daño No para préstamo Colección Biblioteca de origen Biblioteca actual Ubicación en estantería Fecha de adquisición Fuente de adquisición Total de préstamos Signatura topográfica completa Código de barras Visto por última vez Precio de reemplazo Tipo de ítem Koha
        Libros del s. XIX Biblioteca del Ateneo de Madrid Biblioteca del Ateneo de Madrid Sala Pecera Planta 2 17/01/2008     F-12832 1160753 23/02/2023 23/02/2023 Libro impreso antiguo